[Event "Torino dell'Ariete op"]
[Site "Torino"]
[Date "2015.04.23"]
[Round "5"]
[White "Ammirata, Achille"]
[Black "Di Stefano, Marco"]
[Result "1-0"]
[WhiteElo "1440"]
[BlackElo "1686"]
[PlyCount "65"]
[EventDate "2015.03.26"]
[EventType "swiss"]
[EventRounds "7"]
[EventCountry "ITA"]
[SourceTitle "EXT 2017"]
[Source "ChessBase"]
[SourceDate "2016.10.25"]
[SourceVersion "1"]
[SourceVersionDate "2016.10.25"]
[SourceQuality "1"]

1. Nf3 g6 2. e4 d6 3. d4 e6 4. Bb5+ Nd7 5. 0-0 Bg7 6. Be3 a6 7. Ba4 b5 8. Bb3 Bb7 9. Nbd2 h6 10. c3 Ne7 11. Re1 g5 12. d5 e5 13. Nf1 Nf6 14. Ng3 Qd7 15. a4 g4 16. Nh4 h5 17. Nhf5 Bf8 18. Bg5 Nxe4 19. Nxe7 Nxg3 20. Nc6 Nf5 21. Qe2 Bxc6 22. dxc6 Qxc6 23. axb5 axb5 24. Rxa8+ Qxa8 25. Qxb5+ c6 26. Qc4 Rh7 27. Qd3 Qc8 28. Bc2 Rg7 29. Bd2 Nh4 30. Bh6 Nf3+ 31. gxf3 gxf3+ 32. Kh1 Rg2 33. Qxf3 1-0